01582nam a2200361 a 4500001001000000003000900010005001700019008003200036020001500068040002500083082003500108100004400143245011600187250001100303260005400314300002100368504003200389505031800421650005100739650003500790650002200825650003700847650004500884650003300929651003700962700004000999700003401039700003301073700002201106700002201128700002401150700004601174000022583DO-SdBNP20230706103811.0101013s1998 dr 000 0 spa d a8489539871 aDO-SdBNPbspacBPMSU 4a306.362097293bL333n, 19982221 aLarrazábal Blanco, Carlos,d1894-198914aLos negros y la esclavitud en Santo Domingo /cCarlos Larrazábal Blanco ; prólogo Franklin Franco Pichardo. a2a ed. aSanto Domingo :bLibrería la Trinitaria,c1998. a199 p. ;c25 cm. aBibliografía : p. 195-1990 aNotación preliminar-- La introducción de esclavos y sus incidencias -- Procedencia, castas, denominaciones, culturas-- Los negros a través de las ordenanzas locales y de las cédulas reales-- La Iglesia -- Alzamientos y rebeliones -- Los negros fugitivos de accidente -- Tres siglos de vinculación negra. 4aEsclavitud en República DominicanaxHistoria 4aEsclavitud e iglesiaxHistoria 4aTrata de esclavos 4aNegrosxVida social y costumbres 4aNegroszRepública DominicanaxHistoria 4aAbolición de la esclavitud 4aRepública DominicanaxHistoria1 aFranco, Franklin J.d1936-epról.z a Franco Pichardo, Franklin J.z aPichardo, Franklin J. Francoz a Franco, Franklinz a Franco, Franklynz aFranco, Franklyn J.z a Franco P., Franklin q (Franco Pichardo)